000 00681nam a2200193Ii 4500
003 JO-AjNU
008 230605s9999||||xx |||||||||||||| ||und||
040 _aJO-AjNU
_bara
_erda
_cJO-AjNU
041 _aara
050 1 4 _aQ180 2012
100 3 _aالعكنة، مرزوق بن محمد,
_eauthor
_934401
245 0 0 _aدور البحث العلمي في التنمية(أعمال مؤتمرات)
264 3 1 _aالقاهرة:المنظمة العربية الادارية ، 2012
300 _a426ص
336 _atext
_btxt
_2rdacontent
337 _aunmediated
_bn
_2rdamedia
338 _avolume
_bnc
_2rdacarrier
650 4 _aالبحث العلمي -التنميه
_934402
999 _aA14102
_c17670
_d17670